000 01132cam a2200289 4500
001 L123900
008 031013n2003 000 0 eng u
020 _a0415323665
035 _a(Sirsi) u123900
041 _aeng
050 _a624.05
_c18
110 _aDavis Langdon and Everest
_91155
245 _aSpon's civil engineering and highway works price book 2004
250 _a18th ed.
260 _aLondon
_bSpon
_c2003
300 _axxiii, 764p.
_c26cm.
350 _a115
520 _aThis standard price book provides unit costs for civil engineering works, highway works, and ancillary building works. Also covers preliminaries and general items, resources, land remediation, oncosts and profit, costs and tender price indices, daywork, professional fees, approximate estimates, outputs, tables and memoranda and updates.
520 _aAlso available on CD-ROM (L145084)
650 _aBUILT ENVIRONMENT-BUILDING COSTS
650 _aCIVIL ENGINEERING
650 _aHIGHWAY WORKS
650 _aBUILDING PRICE BOOKS
650 _aSPONS PRICE BOOKS
690 _aBUILT ENVIRONMENT-BUILDING COSTS
942 _n0
999 _c103115
_d103115